[Event "Olympiad-44"]
[Site "Chennai"]
[Date "2022.08.05"]
[Round "7.3"]
[White "Hair, Justin M"]
[Black "Mdoe, Yusuf"]
[Result "0-1"]
[WhiteElo "1505"]
[BlackElo "1722"]
[PlyCount "86"]
[EventDate "2022.07.29"]
[EventType "team-swiss"]
[EventRounds "11"]
[EventCountry "IND"]
[SourceTitle "CBM 210"]
[Source "ChessBase"]
[SourceDate "2022.10.31"]
[SourceVersion "1"]
[SourceVersionDate "2022.10.31"]
[SourceQuality "1"]
[WhiteTeam "US Virgin Islands"]
[BlackTeam "Tanzania"]
[WhiteTeamCountry "ISV"]
[BlackTeamCountry "TAN"]

1. e4 c6 2. d4 d5 3. Nc3 a6 4. Bf4 g6 5. Bd3 Bg7 6. Nge2 Nf6 7. Qd2 dxe4 8. Nxe4 Nxe4 9. Bxe4 Nd7 10. Bh6 Bxh6 11. Qxh6 Nf6 12. Bf3 Be6 13. h4 Qa5+ 14. c3 Qb5 15. Qd2 h5 16. Nf4 Bg4 17. Bxg4 hxg4 18. g3 g5 19. Ng2 Qd5 20. 0-0 Ne4 21. Qe2 f5 22. Rfe1 Qd7 23. hxg5 0-0-0 24. Nh4 e6 25. g6 Qg7 26. Rad1 Rh5 27. Qc4 Qf6 28. Re3 Kb8 29. Rde1 Rdh8 30. Kf1 Rxh4 31. gxh4 Qxh4 32. Rxe4 Qh1+ 33. Ke2 Qxe4+ 34. Kd1 Rh1 35. Qe2 Qb1+ 36. Kd2 Qxb2+ 37. Kd1 Qb1+ 38. Kd2 Qxa2+ 39. Ke3 Rxe1 40. Qxe1 e5 41. Qh1 f4+ 42. Kd3 e4+ 43. Qxe4 Qb1+ 0-1

[Event "Online Olym Div4 A"]
[Site "Chess.com INT"]
[Date "2020.08.02"]
[Round "8.1"]
[White "Muhammed, Shuaau"]
[Black "Mdoe, Yusuf"]
[Result "1-0"]
[WhiteElo "1925"]
[BlackElo "1734"]
[PlyCount "59"]
[EventDate "2020.07.31"]
[EventType "team-tourn (rapid)"]
[EventRounds "9"]
[EventCountry "USA"]
[SourceTitle "CBM 198"]
[Source "ChessBase"]
[SourceDate "2020.10.31"]
[SourceVersion "1"]
[SourceVersionDate "2020.10.31"]
[SourceQuality "1"]
[WhiteTeam "Maldives"]
[BlackTeam "Tanzania"]
[WhiteTeamCountry "MDV"]
[BlackTeamCountry "TAN"]

1. e4 c5 2. Nf3 Nc6 3. d4 cxd4 4. Nxd4 d6 5. Nc3 e6 6. Be3 Bd7 7. Qd2 Nf6 8. f3 Be7 9. 0-0-0 0-0 10. g4 a6 11. g5 Ne8 12. h4 b5 13. Nxc6 Bxc6 14. h5 Nc7 15. Kb1 b4 16. Ne2 Nb5 17. Nc1 a5 18. g6 Qc7 19. h6 fxg6 20. hxg7 Rxf3 21. Bxb5 Bxb5 22. Qh2 h5 23. Qg2 Rf6 24. Bg5 Rf7 25. Bxe7 Qxe7 26. Qxg6 Rxg7 27. Qxh5 Qb7 28. Rdg1 Qxe4 29. Qh8+ Kf7 30. Qxg7+ 1-0

[Event "Olympiad-43"]
[Site "Batumi"]
[Date "2018.10.05"]
[Round "11.1"]
[White "Mdoe, Yusuf"]
[Black "Pillay, Harish"]
[Result "1-0"]
[WhiteElo "1771"]
[BlackElo "1250"]
[PlyCount "45"]
[EventDate "2018.09.24"]
[EventType "team-swiss"]
[EventRounds "11"]
[EventCountry "GEO"]
[SourceTitle "CBM 187"]
[Source "ChessBase"]
[SourceDate "2018.12.11"]
[SourceVersion "1"]
[SourceVersionDate "2018.12.11"]
[SourceQuality "1"]
[WhiteTeam "Tanzania"]
[BlackTeam "Seychelles"]
[WhiteTeamCountry "TAN"]
[BlackTeamCountry "SEY"]

1. e4 e5 2. Nf3 Nc6 3. c3 Nf6 4. Qc2 Bc5 5. b4 Bb6 6. b5 Ne7 7. Nxe5 d6 8. Nc4 Bc5 9. d4 Bb6 10. a4 a5 11. Bg5 Nh5 12. Be2 h6 13. Bxe7 Qxe7 14. Bxh5 Qg5 15. Bf3 0-0 16. Nbd2 Re8 17. h4 Qg6 18. 0-0-0 Qf6 19. g4 Qf4 20. Rdg1 g6 21. h5 g5 22. Ne3 c5 23. Nd5 1-0

[Event "Olympiad-43"]
[Site "Batumi"]
[Date "2018.09.27"]
[Round "4.67"]
[White "Mdoe, Yusuf"]
[Black "Kulpruethanon, Thanadon"]
[Result "0-1"]
[WhiteElo "1771"]
[BlackElo "2291"]
[PlyCount "86"]
[EventDate "2018.09.24"]
[EventType "team-swiss"]
[EventRounds "11"]
[EventCountry "GEO"]
[SourceTitle "CBM 187"]
[Source "ChessBase"]
[SourceDate "2018.12.11"]
[SourceVersion "1"]
[SourceVersionDate "2018.12.11"]
[SourceQuality "1"]
[WhiteTeam "Tanzania"]
[BlackTeam "Thailand"]
[WhiteTeamCountry "TAN"]
[BlackTeamCountry "THA"]

1. d4 d5 2. Nf3 Nf6 3. e3 g6 4. h3 Bg7 5. Bd3 0-0 6. 0-0 c5 7. b3 cxd4 8. exd4 Nc6 9. a3 Qc7 10. Bb2 Nh5 11. Re1 Nf4 12. Bf1 Bf5 13. Nh4 Bd7 14. Nf3 Rac8 15. Nbd2 Bf5 16. c4 Rfd8 17. c5 Ne6 18. g4 Be4 19. Nxe4 dxe4 20. Rxe4 Nxc5 21. Re2 Qf4 22. Rd2 Ne6 23. d5 Bxb2 24. Rxb2 Ncd4 25. Nxd4 Nxd4 26. Bg2 Rc3 27. Qe1 Rdc8 28. Rd1 Nf3+ 29. Bxf3 Qxf3 30. Rbd2 Qxh3 31. Qe4 Rxb3 32. d6 exd6 33. Rxd6 Qh4 34. Rd7 Rf8 35. Re7 Rb2 36. Rf1 Rb6 37. Kg2 Qg5 38. Re1 h5 39. f3 hxg4 40. fxg4 Rb2+ 41. Kg3 Qd2 42. Qe3 Qh2+ 43. Kf3 Rb3 0-1

[Event "Olympiad-42"]
[Site "Baku"]
[Date "2016.09.11"]
[Round "9.1"]
[White "Mdoe, Yusuf"]
[Black "Santos da Costa, Jose Manuel"]
[Result "1/2-1/2"]
[WhiteElo "1758"]
[BlackElo "1960"]
[PlyCount "187"]
[EventDate "2016.09.02"]
[EventType "team-swiss"]
[EventRounds "11"]
[EventCountry "AZE"]
[SourceTitle "CBM 175"]
[Source "ChessBase"]
[SourceDate "2016.11.10"]
[SourceVersion "1"]
[SourceVersionDate "2016.11.10"]
[SourceQuality "1"]
[WhiteTeam "Tanzania"]
[BlackTeam "Sao Tome and Principe"]
[WhiteTeamCountry "TAN"]
[BlackTeamCountry "SAO"]

1. d4 d5 2. Nf3 e6 3. e3 Nf6 4. Bd3 c5 5. b3 Nc6 6. a3 b6 7. Nbd2 Be7 8. Bb2 a5 9. Qe2 0-0 10. 0-0 Bb7 11. e4 dxe4 12. Nxe4 Nxd4 13. Nxd4 cxd4 14. Rfd1 e5 15. c3 Qd5 16. f3 Nh5 17. Bc4 Nf4 18. Qf1 Qd7 19. cxd4 Bxe4 20. fxe4 Qg4 21. Qf3 Qxf3 22. gxf3 exd4 23. Bxd4 Rfd8 24. Bxb6 Rxd1+ 25. Rxd1 Bxa3 26. Rd7 Ne6 27. f4 Kf8 28. f5 Ng5 29. Be3 Nf3+ 30. Kg2 Ne5 31. Rc7 Bd6 32. Bd5 Bxc7 33. Bxa8 Ke7 34. h3 Kf6 35. Bd5 Nd3 36. Bc4 Ne5 37. Bd4 g6 38. fxg6 hxg6 39. Kf2 Ke7 40. Bc5+ Kf6 41. Bf1 Ke6 42. Ke3 g5 43. Ba6 Nc6 44. Bc4+ Kf6 45. Bd5 Ne5 46. Bb7 Nd7 47. Ba7 Ke5 48. Kd3 Nb6 49. Bc6 Kd6 50. Be8 Ke7 51. Bb5 Nc8 52. Bg1 Nd6 53. Bc6 Ke6 54. Bd5+ Kd7 55. e5 Nb5 56. Bxf7 Bxe5 57. Bg8 Kc6 58. Ke4 Bc7 59. Bd5+ Kd7 60. Kf5 Nc3 61. Be6+ Ke7 62. Bc5+ Bd6 63. Bd4 Nb5 64. Bf6+ Kf8 65. Bc4 Nc7 66. Bxg5 Ne8 67. h4 Kg7 68. Ke6 Bb4 69. Bd3 Bc3 70. h5 Nc7+ 71. Kd7 Nd5 72. h6+ Kh8 73. Kd6 Nf6 74. Ke6 Ng4 75. Kd5 Nf6+ 76. Kc6 Kg8 77. Kb5 Ne8 78. Bd8 Nd6+ 79. Ka4 Nb7 80. Bb6 Kh8 81. Ba6 Nd6 82. Bxa5 Bxa5 83. Kxa5 Kh7 84. Kb6 Kxh6 85. Kc6 Ne4 86. b4 Nc3 87. Bd3 Kg7 88. Kc5 Kf8 89. Kc4 Na4 90. b5 Ke7 91. Kb4 Nb6 92. Ka5 Nc8 93. Bf5 Nd6 94. b6 1/2-1/2

[Event "Olympiad-42"]
[Site "Baku"]
[Date "2016.09.02"]
[Round "1.1"]
[White "Villegas, Pierre"]
[Black "Mdoe, Yusuf"]
[Result "1-0"]
[WhiteElo "2329"]
[BlackElo "1758"]
[PlyCount "55"]
[EventDate "2016.09.02"]
[EventType "team-swiss"]
[EventRounds "11"]
[EventCountry "AZE"]
[SourceTitle "CBM 175"]
[Source "ChessBase"]
[SourceDate "2016.11.10"]
[SourceVersion "1"]
[SourceVersionDate "2016.11.10"]
[SourceQuality "1"]
[WhiteTeam "Monaco"]
[BlackTeam "Tanzania"]
[WhiteTeamCountry "MNC"]
[BlackTeamCountry "TAN"]

1. d4 d5 2. c4 Nf6 3. cxd5 Nxd5 4. Nf3 Bf5 5. Qb3 Nb6 6. Nc3 e6 7. e4 Bg6 8. Be3 N8d7 9. Ne5 Be7 10. Be2 c6 11. 0-0 Nxe5 12. dxe5 Qc7 13. f4 h6 14. f5 exf5 15. exf5 Bh7 16. Rae1 Bg5 17. Bxg5 hxg5 18. Ne4 Qxe5 19. Nxg5 0-0-0 20. Qh3 Bg6 21. Qg3 Qd4+ 22. Kh1 Bh5 23. Bxh5 Rxh5 24. Nxf7 Rd5 25. Re8+ Kd7 26. Rd8+ Ke7 27. Re1+ Kxf7 28. Qg6# 1-0

[Event "Africa zt 4.2"]
[Site "Dar es Salaam"]
[Date "2016.04.26"]
[Round "5"]
[White "Hassuji, Nurdin Husein"]
[Black "Mdoe, Yusuf"]
[Result "0-1"]
[WhiteElo "1804"]
[BlackElo "1740"]
[PlyCount "48"]
[EventDate "2016.04.23"]
[EventType "swiss"]
[EventRounds "9"]
[EventCountry "TAN"]
[SourceTitle "EXT 2017"]
[Source "ChessBase"]
[SourceDate "2016.10.25"]
[SourceVersion "1"]
[SourceVersionDate "2016.10.25"]
[SourceQuality "1"]

1. e4 e6 2. d3 d5 3. Nd2 c5 4. Ngf3 Nf6 5. g3 Nc6 6. Bg2 Bd6 7. 0-0 0-0 8. Re1 e5 9. exd5 Nxd5 10. Nc4 Bg4 11. h3 Bxf3 12. Qxf3 Ndb4 13. Qd1 Bc7 14. a3 Nd5 15. Ne3 Nde7 16. Qh5 Rc8 17. Be4 g6 18. Qh6 f5 19. Bg2 f4 20. gxf4 exf4 21. Ng4 Nf5 22. Bd5+ Kh8 23. b3 Nxh6 24. Bb2+ Ne5 0-1

[Event "Africa zt 4.2"]
[Site "Dar es Salaam"]
[Date "2016.04.24"]
[Round "3"]
[White "Haftom, Ghebremedhn Ghebreh"]
[Black "Mdoe, Yusuf"]
[Result "1-0"]
[WhiteElo "1974"]
[BlackElo "1740"]
[PlyCount "85"]
[EventDate "2016.04.23"]
[EventType "swiss"]
[EventRounds "9"]
[EventCountry "TAN"]
[SourceTitle "EXT 2017"]
[Source "ChessBase"]
[SourceDate "2016.10.25"]
[SourceVersion "1"]
[SourceVersionDate "2016.10.25"]
[SourceQuality "1"]

1. e4 c5 2. Nc3 d6 3. f4 Nc6 4. Bb5 Bd7 5. Nf3 g6 6. 0-0 Bg7 7. d3 a6 8. Bxc6 Bxc6 9. Qe1 b5 10. f5 Nf6 11. Qh4 h6 12. fxg6 fxg6 13. Qg3 g5 14. Bd2 e5 15. Nxg5 hxg5 16. Bxg5 Qe7 17. Bxf6 Bxf6 18. Qg6+ Kd8 19. Qxf6 Rh7 20. Qxe7+ Kxe7 21. h3 Rg8 22. Kh2 Rg6 23. Rf3 b4 24. Nd5+ Ke6 25. Ne3 d5 26. exd5+ Bxd5 27. Nxd5 Kxd5 28. Re1 a5 29. Rf5 Re7 30. b3 a4 31. Re4 axb3 32. axb3 Ra6 33. h4 Ra2 34. Rf2 Ra6 35. g4 Rd6 36. h5 Kc6 37. Kh3 Rd4 38. Rxd4 cxd4 39. h6 Kd5 40. g5 Rh7 41. Kg4 Rc7 42. g6 e4 43. dxe4+ 1-0

[Event "Africa zt 4.2"]
[Site "Kamwokya"]
[Date "2015.04.22"]
[Round "5"]
[White "Baagadde, Daniel"]
[Black "Mdoe, Yusuf"]
[Result "1/2-1/2"]
[WhiteElo "2022"]
[BlackElo "1722"]
[PlyCount "126"]
[EventDate "2015.04.18"]
[EventType "swiss"]
[EventRounds "9"]
[EventCountry "UGA"]
[SourceTitle "CBM 166 Extra"]
[Source "ChessBase"]
[SourceDate "2015.06.18"]
[SourceVersion "1"]
[SourceVersionDate "2015.06.18"]
[SourceQuality "1"]

1. e4 c5 2. Nf3 d6 3. d4 cxd4 4. Nxd4 Nf6 5. Nc3 g6 6. Be3 Bg7 7. Bc4 0-0 8. f3 a6 9. Bb3 Nbd7 10. Qd2 Nc5 11. 0-0-0 b5 12. h4 h5 13. Bh6 Bb7 14. g4 hxg4 15. h5 Nxb3+ 16. cxb3 e5 17. hxg6 exd4 18. Bxg7 fxg6 19. Bxf8 dxc3 20. Qh6 Qxf8 21. Qxg6+ Qg7 22. Qxg7+ Kxg7 23. Rxd6 cxb2+ 24. Kxb2 Rb8 25. Rg1 Kf7 26. fxg4 Nxe4 27. Rb6 Nc5 28. Rf1+ Ke7 29. g5 Nd7 30. Rh6 Rg8 31. Rh7+ Kd8 32. Rff7 Bc6 33. Rh6 Kc7 34. g6 Bd5 35. Rf5 Be6 36. Rg5 Kd6 37. g7 Ke7 38. Kc3 a5 39. Rh8 Kf6 40. Rxg8 Kxg5 41. Rd8 Nf6 42. Kd4 a4 43. bxa4 bxa4 44. a3 Kf5 45. Ra8 Bb3 46. Ra6 Kg5 47. Ke5 Ng8 48. Kd4 Kf5 49. Kc3 Nf6 50. Kb4 Kg5 51. Rxa4 Bxa4 52. Kxa4 Kg6 53. Kb5 Kxg7 54. Kc6 Kf7 55. a4 Ke7 56. a5 Kd8 57. a6 Ne8 58. a7 Nc7 59. Kb7 Kd7 60. Kb8 Na8 61. Kb7 Nc7 62. Kb8 Kc6 63. a8Q+ Nxa8 1/2-1/2

[Event "Africa zt 4.2"]
[Site "Kamwokya"]
[Date "2015.04.20"]
[Round "3"]
[White "Omolo, Keneth"]
[Black "Mdoe, Yusuf"]
[Result "1-0"]
[WhiteElo "2121"]
[BlackElo "1722"]
[PlyCount "103"]
[EventDate "2015.04.18"]
[EventType "swiss"]
[EventRounds "9"]
[EventCountry "UGA"]
[SourceTitle "CBM 166 Extra"]
[Source "ChessBase"]
[SourceDate "2015.06.18"]
[SourceVersion "1"]
[SourceVersionDate "2015.06.18"]
[SourceQuality "1"]

1. d4 d5 2. c4 Nf6 3. Nc3 g6 4. Nf3 Bg7 5. Qb3 dxc4 6. Qxc4 c6 7. e4 0-0 8. e5 Nd5 9. Be2 b5 10. Qb3 a6 11. a4 Nxc3 12. Qxc3 Bb7 13. 0-0 Nd7 14. a5 Rc8 15. b4 Re8 16. Be3 Nf8 17. Nd2 f6 18. f4 f5 19. Nb3 Ne6 20. Rfd1 Kh8 21. Nc5 Nxc5 22. dxc5 Qc7 23. Bd4 e6 24. Bf2 Qe7 25. Rd6 Bf8 26. Rad1 Rc7 27. Qh3 Qf7 28. R6d4 Bc8 29. Bh4 Kg8 30. Bf3 Be7 31. g3 Bxh4 32. Qxh4 Bd7 33. Rd6 Re7 34. Qh3 h5 35. Qg2 Qe8 36. h4 Kg7 37. R1d3 Kf7 38. Qd2 Qc8 39. Kf2 Kg7 40. Ke1 Kh8 41. Bd1 Kh7 42. Bb3 Kg7 43. Qa2 Qe8 44. Kd2 Qc8 45. Kc3 Qe8 46. Qd2 Qc8 47. Qe3 Qe8 48. Rd2 Kh7 49. Bd1 Kh6 50. Bf3 Qc8 51. g4 fxg4 52. Bxg4 1-0